Vnútropodnikový manažment výroby - predpoklady rozvoja diplomová práca

Uložené v:
Podrobná bibliografia
Hlavný autor: Slúka, Michal
Korporativný autor: Fakulta podnikového manažmentu EU. Katedra manažmentu výroby a logistiky - zrušená
Ďalší autori: Rakovská, Júlia, 1972-
Médium: Kniha
Jazyk:Slovak
Vydavateľské údaje: Bratislava 2014
Tagy: Pridať tag
Žiadne tagy, Buďte prvý, kto otaguje tento záznam!

MARC

LEADER 00000nbm a2200000 4500
001 0188151
005 20170201093631.0
041 0 |a slo 
044 |a SK 
245 1 0 |a Vnútropodnikový manažment výroby - predpoklady rozvoja  |b diplomová práca  |c Michal Slúka ; školiteľ: Júlia Rakovská 
264 1 |a Bratislava  |c 2014 
300 |a 69 s. 
100 1 |a Slúka, Michal 
700 1 |a Rakovská, Júlia, 1972- 
710 2 |a Fakulta podnikového manažmentu EU. Katedra manažmentu výroby a logistiky - zrušená